Statistics for F1 2021 Drivers First Wins Or Highest Finish

Click here to take the quiz!

General Stats

  • This quiz has been taken 103 times
  • The average score is 9 of 21

Answer Stats

HintAnswer% Correct
Max VerstappenSpain 2016
94%
Pierre GaslyItaly 2020
85%
Charles LeclercBelgium 2019
76%
Lewis HamiltonCanada 2007
76%
Sebastian VettelItaly 2008
73%
Sergio PerezSakhir 2020
70%
Daniel RicciardoCanada 2014
66%
Valtteri BottasRussia 2017
62%
Esteban OconHungary 2021
61%
Robert KubicaCanada 2008
55%
Kimi RaikkonenMalaysia 2003
41%
Fernando AlonsoHungary 2003
35%
George Russell2nd Belgium 2021
20%
Lando Norris2nd Italy 2021
18%
Yuki Tsunoda4th Abu Dhabi 2021
14%
Nicholas Latifi7th Hungary 2021
14%
Lance Stroll3rd Azerbaijan 2017
13%
Carlos Sainz Jr.2nd Monaco 2021
11%
Antonio Giovinazzi5th Brazil 2019
10%
Mick Schumacher12th Hungary 2021
7%
Nikita Mazepin14th Hungary 2021
6%

Score Distribution

Percentile by Number Answered

Percent of People with Each Score

Your Score History

You have not taken this quiz